| 000 | 00802nam a2200205 a 4500 | ||
|---|---|---|---|
| 003 | 0 | ||
| 005 | 20250310093655.0 | ||
| 008 | 090709s19uu xx 00 eng d | ||
| 050 |
_aPHS LB 3013 _b.B516 2009 |
||
| 100 | _aBermejo, Gabriel Rodolfo Lacson. | ||
| 245 |
_aThe Association between parenting styles and leadership styles of SISC upper school presidents / _cGabriel Rodolfo Lacson Bermejo. |
||
| 260 |
_aLas PiƱas City, Philippines : _bSouthville International School and Colleges, _c2009. |
||
| 300 |
_a44 pages : _billustrations ; _c28 cm. |
||
| 504 | _aIncludes bibliographical references. | ||
| 650 | _aLeadership in adolescence. | ||
| 650 |
_aParenting _xPsychological aspects. |
||
| 650 |
_aStudent government _xLeadership. |
||
| 650 |
_aParenting _xSocial aspects. |
||
| 942 |
_2lcc _cPASS |
||
| 999 |
_c98231 _d98231 |
||